000 00422nam a2200133Ia 4500
008 250506s9999 xx 000 0 und d
024 _a00B-BS-004 & 00B-BS-21
082 _a621.386072 AHM
100 _aAhmad-ur-Rehman & Muhammad Jahanzeb Khan
245 0 _aIntegration of PSTN Landline with Mobile Phone
260 _aKarachi:
_bUIT,
_c2000
600 _aComputer Science
650 _aBachelor of Computer Science (BS)
999 _c27453
_d27453